[Event "d12"]
[Site "?"]
[Date "2020.08.28"]
[Round "9.3"]
[White "Chiszko, Wiktoria"]
[Black "Wojs, Alicja"]
[Result "0-1"]
[BlackElo "1432"]
[WhiteElo "1163"]
[LiveChessVersion "1.4.8"]

1. e4 {[%clk 0:15:18]} e6 {[%clk 0:15:19]} 2. d4 {[%clk 0:15:26]} d5
{[%clk 0:15:28]} 3. exd5 {[%clk 0:15:34]} exd5 {[%clk 0:15:37]} 4. Nf3
{[%clk 0:15:43]} Bg4 {[%clk 0:15:45]} 5. Be2 {[%clk 0:15:51]} Bd6
{[%clk 0:15:49]} 6. h3 {[%clk 0:15:59]} Bh5 {[%clk 0:15:58]} 7. Nc3
{[%clk 0:16:07]} Ne7 {[%clk 0:16:07]} 8. Bg5 {[%clk 0:16:04]} f6 {[%clk 0:16:15]}
9. Be3 {[%clk 0:16:13]} Nbc6 {[%clk 0:16:24]} 10. Qd2 {[%clk 0:16:09]} Qd7
{[%clk 0:16:29]} 11. O-O {[%clk 0:16:07]} g5 {[%clk 0:16:32]} 12. Nh2
{[%clk 0:16:05]} Bxe2 {[%clk 0:16:35]} 13. Qxe2 {[%clk 0:16:13]} h5
{[%clk 0:16:39]} 14. f4 {[%clk 0:16:13]} gxf4 {[%clk 0:16:11]} 15. Bxf4
{[%clk 0:16:14]} Nxd4 {[%clk 0:16:05]} 16. Qd3 {[%clk 0:16:06]} Bxf4
{[%clk 0:15:39]} 17. Rxf4 {[%clk 0:16:14]} Ndc6 {[%clk 0:15:36]} 18. Rxf6
{[%clk 0:16:05]} O-O-O {[%clk 0:15:39]} 19. Rf7 {[%clk 0:16:10]} Ne5
{[%clk 0:15:43]} 20. Rxe7 {[%clk 0:16:04]} Qxe7 {[%clk 0:15:48]} 21. Qf5+
{[%clk 0:16:10]} Kb8 {[%clk 0:15:28]} 22. Re1 {[%clk 0:16:14]} Qc5+
{[%clk 0:15:34]} 23. Kh1 {[%clk 0:16:20]} Nc6 {[%clk 0:15:28]} 24. Qf6
{[%clk 0:16:19]} d4 {[%clk 0:14:54]} 25. Ne4 {[%clk 0:16:10]} Qxc2
{[%clk 0:14:43]} 26. Ng5 {[%clk 0:16:18]} d3 {[%clk 0:14:26]} 27. Nhf3
{[%clk 0:16:10]} d2 {[%clk 0:14:32]} 28. Nxd2 {[%clk 0:16:18]} Qxd2
{[%clk 0:14:36]} 29. Rf1 {[%clk 0:16:26]} a6 {[%clk 0:14:35]} 30. Qe6
{[%clk 0:16:22]} Qxg5 {[%clk 0:14:40]} 31. Rc1 {[%clk 0:16:23]} Qxc1+
{[%clk 0:14:45]} 32. Kh2 {[%clk 0:16:31]} Qf4+ {[%clk 0:14:53]} 33. g3
{[%clk 0:16:40]} Qf2+ {[%clk 0:15:02]} 34. Kh1 {[%clk 0:16:49]} Rd1+
{[%clk 0:15:10]} 35. Qe1 {[%clk 0:16:57]} Rxe1# {[%clk 0:15:18]} 0-1

[Event "d12"]
[Site "?"]
[Date "2020.08.28"]
[Round "9.4"]
[White "Natoli, Alessia"]
[Black "Gladyszewska, Kinga"]
[Result "1-0"]
[BlackElo "1151"]
[WhiteElo "1399"]
[LiveChessVersion "1.4.8"]

1. e4 {[%clk 0:15:18]} e5 {[%clk 0:15:18]} 2. Nf3 {[%clk 0:15:25]} Nc6
{[%clk 0:15:27]} 3. Bb5 {[%clk 0:15:27]} a6 {[%clk 0:15:34]} 4. Bxc6
{[%clk 0:15:24]} dxc6 {[%clk 0:15:42]} 5. O-O {[%clk 0:15:27]} Bd6
{[%clk 0:15:49]} 6. d4 {[%clk 0:15:31]} exd4 {[%clk 0:15:06]} 7. Qxd4
{[%clk 0:15:27]} f6 {[%clk 0:09:17]} 8. h3 {[%clk 0:14:52]} Be6 {[%clk 0:07:57]}
9. Nc3 {[%clk 0:14:49]} Ne7 {[%clk 0:07:20]} 10. Be3 {[%clk 0:14:03]} Ng6
{[%clk 0:05:59]} 11. Rad1 {[%clk 0:13:37]} O-O {[%clk 0:05:27]} 12. Qd2
{[%clk 0:13:06]} Ne5 {[%clk 0:05:14]} 13. Nxe5 {[%clk 0:12:29]} Bxe5
{[%clk 0:05:07]} 14. Qc1 {[%clk 0:12:16]} Qe7 {[%clk 0:05:11]} 15. Bd4
{[%clk 0:11:39]} Bd6 {[%clk 0:04:23]} 16. a3 {[%clk 0:11:27]} Qf7
{[%clk 0:03:31]} 17. Qe3 {[%clk 0:09:20]} Qg6 {[%clk 0:02:52]} 18. Kh1
{[%clk 0:08:41]} Rae8 {[%clk 0:02:06]} 19. Bc5 {[%clk 0:07:20]} Bxc5
{[%clk 0:01:45]} 20. Qxc5 {[%clk 0:07:28]} Qf7 {[%clk 0:01:16]} 21. Rd2
{[%clk 0:06:53]} Rd8 {[%clk 0:01:21]} 22. Rfd1 {[%clk 0:06:50]} Rd7
{[%clk 0:01:11]} 23. Ne2 {[%clk 0:06:15]} Rfd8 {[%clk 0:01:13]} 24. Qe3
{[%clk 0:05:43]} Qe7 {[%clk 0:01:13]} 25. Nc3 {[%clk 0:04:27]} Bf7
{[%clk 0:01:08]} 26. Rxd7 {[%clk 0:03:37]} Rxd7 {[%clk 0:01:17]} 27. Rxd7
{[%clk 0:03:40]} Qxd7 {[%clk 0:01:25]} 28. Qd3 {[%clk 0:03:45]} Qe7
{[%clk 0:00:43]} 29. Qd4 {[%clk 0:03:46]} c5 {[%clk 0:00:37]} 30. Qd3
{[%clk 0:03:32]} Bg6 {[%clk 0:00:34]} 31. Qd5+ {[%clk 0:03:19]} Kf8
{[%clk 0:00:14]} 32. Qxb7 {[%clk 0:03:23]} Qd6 {[%clk 0:00:16]} 33. Qd5
{[%clk 0:03:13]} Ke7 {[%clk 0:00:12]} 34. Qxd6+ {[%clk 0:03:13]} cxd6
{[%clk 0:00:21]} 35. Kg1 {[%clk 0:03:18]} Ke6 {[%clk 0:00:21]} 36. f4
{[%clk 0:03:18]} Kd7 {[%clk 0:00:28]} 37. Kf2 {[%clk 0:03:25]} Bf7
{[%clk 0:00:21]} 38. Ke3 {[%clk 0:03:32]} Kc6 {[%clk 0:00:30]} 39. b4
{[%clk 0:03:30]} Kb6 {[%clk 0:00:11]} 40. Kd3 {[%clk 0:03:23]} Kc6
{[%clk 0:00:19]} 41. g4 {[%clk 0:03:21]} Kb6 {[%clk 0:00:24]} 42. bxc5+
{[%clk 0:02:48]} Kxc5 {[%clk 0:00:27]} 43. Na4+ {[%clk 0:02:52]} Kb5
{[%clk 0:00:34]} 44. Nb2 {[%clk 0:03:00]} Kc5 {[%clk 0:00:28]} 45. c4
{[%clk 0:03:06]} Be8 {[%clk 0:00:35]} 46. Kc3 {[%clk 0:03:10]} Bc6
{[%clk 0:00:42]} 47. Nd3+ {[%clk 0:03:08]} Kb6 {[%clk 0:00:50]} 48. Kd4
{[%clk 0:03:16]} Bb7 {[%clk 0:00:36]} 49. e5 {[%clk 0:02:44]} fxe5+
{[%clk 0:00:34]} 50. fxe5 {[%clk 0:02:52]} dxe5+ {[%clk 0:00:21]} 51. Nxe5
{[%clk 0:02:58]} Kc7 {[%clk 0:00:19]} 52. Kc5 {[%clk 0:03:04]} Bg2
{[%clk 0:00:18]} 53. h4 {[%clk 0:03:12]} Be4 {[%clk 0:00:15]} 54. g5
{[%clk 0:03:10]} Bb7 {[%clk 0:00:13]} 55. Nd3 {[%clk 0:03:13]} Be4
{[%clk 0:00:12]} 56. Nf4 {[%clk 0:03:21]} Bf5 {[%clk 0:00:13]} 57. Nd5+
{[%clk 0:03:29]} Kb7 {[%clk 0:00:12]} 58. Kd6 {[%clk 0:03:38]} h6
{[%clk 0:00:16]} 59. gxh6 {[%clk 0:03:44]} gxh6 {[%clk 0:00:25]} 60. c5
{[%clk 0:03:53]} h5 {[%clk 0:00:18]} 61. c6+ {[%clk 0:04:02]} Kb8
{[%clk 0:00:13]} 62. c7+ {[%clk 0:04:06]} Kb7 {[%clk 0:00:21]} 63. Nb4
{[%clk 0:03:34]} Bg4 {[%clk 0:00:15]} 64. Nc6 {[%clk 0:03:38]} Kc8
{[%clk 0:00:18]} 65. Ne7+ {[%clk 0:03:35]} Kb7 {[%clk 0:00:25]} 66. Nd5
{[%clk 0:03:19]} a5 {[%clk 0:00:14]} 67. a4 {[%clk 0:03:16]} Kc8 {[%clk 0:00:17]}
68. Ne7+ {[%clk 0:03:23]} Kb7 {[%clk 0:00:22]} 69. c8=Q+ {[%clk 0:03:31]} Bxc8
{[%clk 0:00:30]} 70. Nxc8 {[%clk 0:03:38]} Kxc8 {[%clk 0:00:39]} 71. Kc6
{[%clk 0:03:46]} Kb8 {[%clk 0:00:43]} 72. Kb6 {[%clk 0:03:54]} Ka8
{[%clk 0:00:52]} 73. Kxa5 {[%clk 0:04:03]} Ka7 {[%clk 0:01:01]} 74. Kb5
{[%clk 0:04:11]} Kb7 {[%clk 0:01:10]} 75. Kc5 {[%clk 0:04:17]} Kc7
{[%clk 0:01:17]} 76. Kd5 {[%clk 0:04:25]} Kb6 {[%clk 0:01:25]} 77. Ke5
{[%clk 0:04:33]} Ka5 {[%clk 0:01:34]} 78. Kf5 {[%clk 0:04:42]} Kxa4
{[%clk 0:01:43]} 79. Kg5 {[%clk 0:04:51]} Kb5 {[%clk 0:01:52]} 80. Kxh5
{[%clk 0:05:00]} Kc6 {[%clk 0:02:01]} 81. Kg6 {[%clk 0:05:09]} Kd7
{[%clk 0:02:10]} 82. Kg7 {[%clk 0:05:15]} Ke6 {[%clk 0:02:17]} 83. h5
{[%clk 0:05:25]} Kf5 {[%clk 0:02:25]} 84. h6 {[%clk 0:05:33]} Ke6
{[%clk 0:02:34]} 85. h7 {[%clk 0:05:42]} Ke7 {[%clk 0:02:43]} 86. h8=Q
{[%clk 0:05:50]} Ke6 {[%clk 0:02:51]} 87. Qf8 {[%clk 0:05:58]} Ke5
{[%clk 0:03:00]} 88. Qf7 {[%clk 0:06:06]} Ke4 {[%clk 0:03:08]} 89. Qf6
{[%clk 0:06:16]} Kd5 {[%clk 0:03:17]} 90. Qe7 {[%clk 0:06:24]} Kd4
{[%clk 0:03:26]} 91. Qe6 {[%clk 0:06:34]} Kc5 {[%clk 0:03:35]} 92. Qd7
{[%clk 0:06:42]} Kc4 {[%clk 0:03:44]} 93. Qd6 {[%clk 0:06:51]} Kc3
{[%clk 0:03:54]} 94. Qd5 {[%clk 0:07:00]} Kb4 {[%clk 0:04:02]} 95. Qc6
{[%clk 0:07:09]} Kb3 {[%clk 0:04:11]} 96. Qc5 {[%clk 0:07:19]} Kb2
{[%clk 0:04:20]} 97. Qc4 {[%clk 0:07:28]} Kb1 {[%clk 0:04:27]} 98. Qc3
{[%clk 0:07:37]} Ka2 {[%clk 0:04:35]} 99. Qb4 {[%clk 0:07:45]} Ka1
{[%clk 0:04:44]} 100. Kf6 {[%clk 0:07:54]} Ka2 {[%clk 0:04:53]} 101. Ke5
{[%clk 0:08:03]} Ka1 {[%clk 0:05:02]} 102. Kd4 {[%clk 0:08:12]} Ka2
{[%clk 0:05:09]} 103. Kc3 {[%clk 0:08:21]} Ka1 {[%clk 0:05:18]} 104. Qb2# 1-0

[Event "d12"]
[Site "?"]
[Date "2020.08.28"]
[Round "9.5"]
[White "Gaszka, Zuzanna"]
[Black "Sprzeczka, Emilia"]
[Result "1/2-1/2"]
[BlackElo "1381"]
[WhiteElo "1270"]
[LiveChessVersion "1.4.8"]

1. e4 e5 2. Nf3 Nc6 3. d4 exd4 4. Bc4 Nf6 5. O-O d6 6. c3 Be7 7. Re1 dxc3 8. Nxc3
O-O 9. h3 Ne5 10. Nxe5 dxe5 11. Qf3 h6 12. Be3 Bd6 13. Rad1 Qe7 14. a3 Be6 15.
Nd5 Nxd5 16. Bxd5 c6 17. Bxe6 Qxe6 18. Qg3 f5 19. exf5 Rxf5 20. Qg4 Raf8 21. Rd2
R8f6 22. Red1 Bc7 23. Rd7 Rf7 24. Rxf7 Qxf7 25. Rd2 Kh7 26. Qe4 Qg6 27. Rd7 Rf7
28. Qxg6+ Kxg6 29. Rxf7 Kxf7 30. f3 Ke6 31. Kf2 h5 32. Ke2 Kf5 33. Kd3 Ke6 34.
Ke4 g6 35. g4 b6 36. gxh5 gxh5 37. b3 Bd6 38. a4 c5 39. Bf2 a6 40. Be3 b5 41.
axb5 axb5 42. Bd2 c4 43. bxc4 bxc4 44. Bc3 Bc7 45. Bd2 Bb6 46. Bc3 Bd4 47. Bxd4
exd4 48. Kxd4 Kf5 49. Kxc4 Kf4 50. Kd3 Kxf3 51. h4 Kg3 52. Ke2 1/2-1/2

[Event "d12"]
[Site "?"]
[Date "2020.08.28"]
[Round "9.6"]
[White "Kulczycka, Zofia"]
[Black "Moczala, Maja"]
[Result "1/2-1/2"]
[BlackElo "1290"]
[WhiteElo "1149"]
[LiveChessVersion "1.4.8"]

1. e4 {[%clk 0:15:18]} c5 {[%clk 0:15:19]} 2. Nf3 {[%clk 0:15:25]} Nc6
{[%clk 0:15:27]} 3. d4 {[%clk 0:15:33]} cxd4 {[%clk 0:15:35]} 4. Nxd4
{[%clk 0:15:40]} Nf6 {[%clk 0:15:43]} 5. Nc3 {[%clk 0:15:48]} d6 {[%clk 0:15:51]}
6. Be3 {[%clk 0:15:47]} e5 {[%clk 0:15:58]} 7. Nb3 {[%clk 0:15:16]} Be7
{[%clk 0:16:00]} 8. Be2 {[%clk 0:14:47]} O-O {[%clk 0:16:00]} 9. O-O
{[%clk 0:14:49]} a5 {[%clk 0:16:05]} 10. a4 {[%clk 0:13:21]} Nb4 {[%clk 0:16:10]}
11. f3 {[%clk 0:11:56]} Be6 {[%clk 0:16:11]} 12. Nd2 {[%clk 0:10:38]} d5
{[%clk 0:15:09]} 13. exd5 {[%clk 0:10:40]} Nfxd5 {[%clk 0:15:15]} 14. Nxd5
{[%clk 0:10:29]} Nxd5 {[%clk 0:15:20]} 15. Bf2 {[%clk 0:10:09]} Nf4
{[%clk 0:14:33]} 16. Bc4 {[%clk 0:09:13]} Rc8 {[%clk 0:12:17]} 17. Bxe6
{[%clk 0:08:33]} Nxe6 {[%clk 0:12:22]} 18. Re1 {[%clk 0:07:59]} f6
{[%clk 0:12:08]} 19. c3 {[%clk 0:07:46]} Bc5 {[%clk 0:12:10]} 20. Ne4
{[%clk 0:07:04]} Bxf2+ {[%clk 0:11:29]} 21. Kxf2 {[%clk 0:05:46]} Nf4
{[%clk 0:10:10]} 22. Qb3+ {[%clk 0:05:04]} Kh8 {[%clk 0:10:01]} 23. Rad1
{[%clk 0:04:08]} Qc7 {[%clk 0:09:22]} 24. g3 {[%clk 0:03:26]} f5 {[%clk 0:07:28]}
25. Ng5 {[%clk 0:01:16]} h6 {[%clk 0:05:32]} 26. gxf4 {[%clk 0:00:50]} hxg5
{[%clk 0:05:38]} 27. fxe5 {[%clk 0:00:19]} Rfd8 {[%clk 0:04:57]} 28. Qb5
{[%clk 0:00:11]} Rxd1 {[%clk 0:04:49]} 29. Rxd1 {[%clk 0:00:19]} b6
{[%clk 0:04:03]} 30. Kg2 {[%clk 0:00:24]} Rd8 {[%clk 0:03:54]} 31. Rxd8+
{[%clk 0:00:18]} Qxd8 {[%clk 0:04:02]} 32. Qe2 {[%clk 0:00:23]} Qe7
{[%clk 0:03:42]} 33. e6 {[%clk 0:00:29]} g6 {[%clk 0:03:45]} 34. Qe3
{[%clk 0:00:26]} Kg7 {[%clk 0:03:41]} 35. Qxb6 {[%clk 0:00:31]} Kf6
{[%clk 0:03:16]} 36. Qxa5 {[%clk 0:00:26]} Qxe6 {[%clk 0:03:22]} 37. Qd8+
{[%clk 0:00:33]} Kg7 {[%clk 0:03:25]} 38. Qc7+ {[%clk 0:00:39]} Kf6
{[%clk 0:03:28]} 39. Qd8+ {[%clk 0:00:25]} Kg7 {[%clk 0:03:36]} 40. Qd3
{[%clk 0:00:33]} f4 {[%clk 0:03:18]} 41. a5 {[%clk 0:00:26]} g4 {[%clk 0:03:24]}
42. Qd4+ {[%clk 0:00:34]} Kh7 {[%clk 0:03:21]} 43. Qe4 {[%clk 0:00:18]} gxf3+
{[%clk 0:03:01]} 44. Qxf3 {[%clk 0:00:26]} Qb3 {[%clk 0:03:03]} 45. Qh3+
{[%clk 0:00:28]} Kg7 {[%clk 0:03:08]} 46. Qd7+ {[%clk 0:00:33]} Kh8
{[%clk 0:03:02]} 47. Qd4+ {[%clk 0:00:33]} Kh7 {[%clk 0:03:04]} 48. Qf2
{[%clk 0:00:18]} Qd5+ {[%clk 0:03:00]} 49. Qf3 {[%clk 0:00:23]} Qg5+
{[%clk 0:02:59]} 50. Kh1 {[%clk 0:00:17]} Qxa5 {[%clk 0:02:59]} 51. Qxf4
{[%clk 0:00:13]} Qa1+ {[%clk 0:03:03]} 52. Kg2 {[%clk 0:00:21]} Qxb2+
{[%clk 0:03:09]} 53. Qf2 {[%clk 0:00:29]} Qxc3 {[%clk 0:03:10]} 54. Qh4+
{[%clk 0:00:37]} 1/2-1/2

[Event "d12"]
[Site "?"]
[Date "2020.08.28"]
[Round "9.7"]
[White "Sliwicka, Weronika"]
[Black "Miklosz, Malgorzata"]
[Result "1-0"]
[BlackElo "1116"]
[WhiteElo "1285"]
[LiveChessVersion "1.4.8"]

1. e4 {[%clk 0:15:18]} c5 {[%clk 0:15:19]} 2. Nf3 {[%clk 0:15:26]} e6
{[%clk 0:15:27]} 3. d4 {[%clk 0:15:35]} cxd4 {[%clk 0:15:35]} 4. Nxd4
{[%clk 0:15:43]} Bc5 {[%clk 0:15:44]} 5. Nb3 {[%clk 0:15:50]} Bb6
{[%clk 0:15:52]} 6. Nc3 {[%clk 0:15:58]} Ne7 {[%clk 0:16:00]} 7. Bd3
{[%clk 0:16:06]} O-O {[%clk 0:16:07]} 8. O-O {[%clk 0:16:14]} f5 {[%clk 0:16:14]}
9. Qh5 {[%clk 0:15:38]} Qe8 {[%clk 0:12:58]} 10. Qh3 {[%clk 0:15:07]} Nbc6
{[%clk 0:12:18]} 11. Kh1 {[%clk 0:14:47]} d5 {[%clk 0:11:47]} 12. f3
{[%clk 0:14:38]} fxe4 {[%clk 0:10:39]} 13. fxe4 {[%clk 0:14:27]} Rxf1+
{[%clk 0:10:43]} 14. Bxf1 {[%clk 0:14:36]} e5 {[%clk 0:10:13]} 15. Qg3
{[%clk 0:14:22]} dxe4 {[%clk 0:09:27]} 16. Nxe4 {[%clk 0:14:24]} Nf5
{[%clk 0:09:26]} 17. Nf6+ {[%clk 0:14:29]} Kh8 {[%clk 0:08:52]} 18. Nxe8
{[%clk 0:14:35]} Nxg3+ {[%clk 0:09:00]} 19. hxg3 {[%clk 0:14:44]} Be6
{[%clk 0:07:48]} 20. Nd6 {[%clk 0:14:31]} Rf8 {[%clk 0:07:13]} 21. Bg5
{[%clk 0:14:38]} h6 {[%clk 0:06:20]} 22. Bd2 {[%clk 0:14:46]} Rf6
{[%clk 0:05:39]} 23. Nxb7 {[%clk 0:14:31]} Bc8 {[%clk 0:04:59]} 24. N7c5
{[%clk 0:14:33]} Rf5 {[%clk 0:04:39]} 25. g4 {[%clk 0:14:40]} Rf8
{[%clk 0:04:28]} 26. Bb5 {[%clk 0:14:15]} Nd4 {[%clk 0:03:30]} 27. Nxd4
{[%clk 0:14:23]} exd4 {[%clk 0:03:38]} 28. Ne4 {[%clk 0:14:01]} Bxg4
{[%clk 0:03:22]} 29. Rf1 {[%clk 0:14:09]} Rd8 {[%clk 0:03:14]} 30. a4
{[%clk 0:13:39]} a5 {[%clk 0:02:49]} 31. Bd3 {[%clk 0:13:19]} Re8
{[%clk 0:02:12]} 32. Nd6 {[%clk 0:13:21]} Rb8 {[%clk 0:01:53]} 33. Bf4
{[%clk 0:13:27]} Rf8 {[%clk 0:01:42]} 34. Be5 {[%clk 0:13:21]} Rxf1+
{[%clk 0:01:42]} 35. Bxf1 {[%clk 0:13:29]} Kh7 {[%clk 0:01:32]} 36. Bd3+
{[%clk 0:13:37]} g6 {[%clk 0:01:36]} 37. Ne8 {[%clk 0:13:40]} h5 {[%clk 0:01:28]}
38. Nf6+ {[%clk 0:13:47]} Kh6 {[%clk 0:01:30]} 39. Nxg4+ {[%clk 0:13:55]} hxg4
{[%clk 0:01:38]} 40. Kh2 {[%clk 0:14:03]} Kh5 {[%clk 0:01:45]} 41. Kg3
{[%clk 0:14:11]} Bd8 {[%clk 0:01:43]} 42. Be2 {[%clk 0:14:01]} Bh4+
{[%clk 0:01:41]} 43. Kf4 {[%clk 0:14:05]} Bg5+ {[%clk 0:01:47]} 44. Ke4
{[%clk 0:14:14]} Kh4 {[%clk 0:01:43]} 45. g3+ {[%clk 0:14:22]} Kh3
{[%clk 0:01:44]} 46. Kxd4 {[%clk 0:14:24]} Bd8 {[%clk 0:01:47]} 47. Kd5
{[%clk 0:14:28]} Bb6 {[%clk 0:01:46]} 48. Bd3 {[%clk 0:14:25]} g5
{[%clk 0:01:47]} 49. Ke4 {[%clk 0:14:30]} Bf2 {[%clk 0:01:54]} 50. Kf5
{[%clk 0:14:34]} Be3 {[%clk 0:03:48]} 51. c4 {[%clk 0:14:38]} Bf2
{[%clk 0:03:39]} 52. Kxg5 {[%clk 0:14:44]} Bxg3 {[%clk 0:03:47]} 53. Bxg3
{[%clk 0:14:48]} Kxg3 {[%clk 0:03:55]} 54. Be4 {[%clk 0:14:56]} Kh3
{[%clk 0:04:02]} 55. c5 {[%clk 0:15:05]} g3 {[%clk 0:04:10]} 56. c6
{[%clk 0:15:13]} g2 {[%clk 0:04:16]} 57. Bxg2+ {[%clk 0:15:21]} Kxg2
{[%clk 0:04:24]} 58. c7 {[%clk 0:15:30]} Kf2 {[%clk 0:04:32]} 59. c8=Q
{[%clk 0:15:36]} Ke3 {[%clk 0:04:39]} 60. Qe6+ {[%clk 0:15:43]} Kd3
{[%clk 0:04:47]} 61. Qd5+ {[%clk 0:15:50]} Kc2 {[%clk 0:04:43]} 62. Qxa5
{[%clk 0:15:58]} Kb3 {[%clk 0:04:42]} 63. Qc3+ {[%clk 0:16:05]} Ka2
{[%clk 0:04:44]} 64. a5 {[%clk 0:16:13]} Kb1 {[%clk 0:04:50]} 65. a6
{[%clk 0:16:21]} Ka1 {[%clk 0:04:58]} 66. Qc1+ {[%clk 0:16:23]} Ka2
{[%clk 0:05:06]} 67. a7 {[%clk 0:16:30]} Kb3 {[%clk 0:05:14]} 68. a8=R
{[%clk 0:16:37]} Kb4 {[%clk 0:05:21]} 69. Qc3+ {[%clk 0:16:46]} Kb5
{[%clk 0:05:30]} 70. Rb8+ {[%clk 0:16:54]} Ka6 {[%clk 0:05:35]} 71. Qa3#
{[%clk 0:17:03]} 1-0

[Event "d12"]
[Site "?"]
[Date "2020.08.28"]
[Round "10.1"]
[White "Szczotka, Klara"]
[Black "Seemann, Pola"]
[Result "1-0"]
[BlackElo "1226"]
[WhiteElo "1553"]
[LiveChessVersion "1.4.8"]

1. e4 {[%clk 0:15:19]} e5 {[%clk 0:15:19]} 2. Nf3 {[%clk 0:15:25]} Nc6
{[%clk 0:15:28]} 3. Bc4 {[%clk 0:15:34]} Nf6 {[%clk 0:15:36]} 4. d3
{[%clk 0:15:43]} Be7 {[%clk 0:15:44]} 5. c3 {[%clk 0:15:51]} O-O {[%clk 0:15:44]}
6. Bb3 {[%clk 0:16:00]} d5 {[%clk 0:15:45]} 7. Qe2 {[%clk 0:16:09]} dxe4
{[%clk 0:15:28]} 8. dxe4 {[%clk 0:16:18]} Bg4 {[%clk 0:15:23]} 9. h3
{[%clk 0:16:26]} Bh5 {[%clk 0:15:31]} 10. O-O {[%clk 0:16:08]} h6
{[%clk 0:15:08]} 11. Rd1 {[%clk 0:15:41]} Bd6 {[%clk 0:14:56]} 12. Nbd2
{[%clk 0:15:42]} Qe7 {[%clk 0:15:02]} 13. Nf1 {[%clk 0:15:28]} Rad8
{[%clk 0:14:40]} 14. Ng3 {[%clk 0:15:36]} Bg6 {[%clk 0:14:48]} 15. Nh4
{[%clk 0:15:10]} Bh7 {[%clk 0:13:45]} 16. Nhf5 {[%clk 0:15:09]} Bxf5
{[%clk 0:13:34]} 17. Nxf5 {[%clk 0:15:18]} Qd7 {[%clk 0:13:40]} 18. Qf3
{[%clk 0:14:10]} Ne7 {[%clk 0:11:58]} 19. Nxh6+ {[%clk 0:13:57]} Kh7
{[%clk 0:11:26]} 20. Nxf7 {[%clk 0:13:30]} Rde8 {[%clk 0:09:31]} 21. Qg3
{[%clk 0:12:36]} Ng6 {[%clk 0:08:41]} 22. Ng5+ {[%clk 0:12:28]} Kh8
{[%clk 0:08:39]} 23. Be3 {[%clk 0:09:56]} Nh5 {[%clk 0:07:45]} 24. Qg4
{[%clk 0:07:52]} Qxg4 {[%clk 0:07:40]} 25. hxg4 {[%clk 0:08:01]} Nhf4
{[%clk 0:07:48]} 26. g3 {[%clk 0:07:40]} Be7 {[%clk 0:07:39]} 27. Nf7+
{[%clk 0:07:48]} Kh7 {[%clk 0:07:22]} 28. gxf4 {[%clk 0:07:57]} exf4
{[%clk 0:07:30]} 29. Bd4 {[%clk 0:07:49]} c5 {[%clk 0:07:12]} 30. Be5
{[%clk 0:07:22]} b5 {[%clk 0:06:34]} 31. Bd5 {[%clk 0:07:12]} Nxe5
{[%clk 0:05:07]} 32. Nxe5 {[%clk 0:07:21]} Bd6 {[%clk 0:05:14]} 33. Nf3
{[%clk 0:07:28]} Rf6 {[%clk 0:05:17]} 34. g5 {[%clk 0:07:33]} Rff8
{[%clk 0:05:16]} 35. Kg2 {[%clk 0:07:42]} g6 {[%clk 0:05:16]} 36. Rh1+
{[%clk 0:07:50]} Kg7 {[%clk 0:05:23]} 37. Rad1 {[%clk 0:07:56]} Rh8
{[%clk 0:04:56]} 38. Rxh8 {[%clk 0:08:01]} Rxh8 {[%clk 0:05:05]} 39. Bc6
{[%clk 0:08:09]} Be7 {[%clk 0:04:58]} 40. Rd7 {[%clk 0:08:17]} Kf8
{[%clk 0:04:51]} 41. Ne5 {[%clk 0:08:25]} Rg8 {[%clk 0:04:28]} 42. Bd5
{[%clk 0:08:30]} Rg7 {[%clk 0:03:54]} 43. Rxa7 {[%clk 0:08:18]} Bxg5
{[%clk 0:03:35]} 44. Rxg7 {[%clk 0:08:14]} Kxg7 {[%clk 0:03:42]} 45. Nd7
{[%clk 0:08:19]} Be7 {[%clk 0:03:36]} 46. Bc6 {[%clk 0:08:26]} b4
{[%clk 0:03:43]} 47. cxb4 {[%clk 0:08:34]} cxb4 {[%clk 0:03:52]} 48. Kf3
{[%clk 0:08:41]} g5 {[%clk 0:03:58]} 49. Kg4 {[%clk 0:08:49]} Kg6
{[%clk 0:04:03]} 50. e5 {[%clk 0:08:42]} Kf7 {[%clk 0:03:50]} 51. Bd5+
{[%clk 0:08:49]} Kg6 {[%clk 0:03:52]} 52. Be6 {[%clk 0:08:44]} Kg7
{[%clk 0:03:52]} 53. Nf6 {[%clk 0:08:34]} Kg6 {[%clk 0:03:46]} 54. Bf5+
{[%clk 0:08:42]} Kg7 {[%clk 0:03:54]} 55. Kxg5 {[%clk 0:08:48]} 1-0